02463cas a2200613 a 450000100090000000300040000900500170001300800410003001000170007101500190008801600250010701600180013201600140015002200280016403500240019204003400021604200140055605000160057005000180058608200190060421000180062322200250064124500470066624600490071324600510076224600580081324600560087126000400092730000280096731000110099533600260100633700280103233800270106036200100108750400510109753000240114858800100117265000310118265000350121365000290124865000410127765000330131865000320135165000360138365000340141965000440145365000480149765500410154565500430158665500220162965500240165177500960167577600780177111259680OSt20230704110237.0791214c19789999nyuar bi 0 a0eng c a 82642048  aGB82118112bnb a(AMICUS)0000032392837 a0155423102Uk a0155423100 a0732-6610l0732-661021 a(OCoLC)ocm05796565  aDRBbengcDRBdDLCdNSDdNSTdNSDdNSTdNSDdDLCdNSTdOCLdNSTdHULdNSTdOCLdNSTdIULdNSTdHULdNSTdDLCdWAUdNSTdIULdSYSdGUAdOCLCQdZCUdCUSdNSDdZNLdOCLCQdZADdUKMGBdMYGdTULIBdCUIdOCLCQdCLUdWAUdOCLCFdYDXCPdOCLCOdOCLCQdYDXdNLCdMNSdOCLCQdGILDSdOCLCOdOCLCQdOCLdCPOdOCLCQdZQPdOCLCOdZHCdIULdOCLCQdPWQ apccansdp00aJC571b.F6614aK3240.4b.G3704a341.4219bGAS0 aFreedom world 0aFreedom in the world00aFreedom in the world /cRaymond D. Gastil.1 aSurvey of political rights & civil liberties1 aSurvey of political rights and civil liberties13aAnnual survey of political rights and civil liberties13aAnnual survey of political rights & civil liberties aNew York :bFreedom House,c1983-84 avolumes :bmap ;c25 cm aAnnual atextbtxt2rdacontent aunmediatedbn2rdamedia avolumebnc2rdacarrier0 a1978- aIncludes bibliographical references and index. aAlso issued online.1 a2012. 0aCivil rightsvPeriodicals. 0aPolitical rightsvPeriodicals. 7acivil rights.2eurovocen 7arights of the individual.2eurovocen 7apolitical rights.2eurovocen 7adroits civiques.2eurovocfr 7adroit de l'individu.2eurovocfr 7adroits politiques.2eurovocfr 7aCivil rights.2fast0(OCoLC)fst00862627 7aPolitical rights.2fast0(OCoLC)fst01069715 7aYearbooks.2fast0(OCoLC)fst01424368 7aPeriodicals.2fast0(OCoLC)fst01411641 7aYearbooks.2lcgft 7aPeriodicals.2lcgft08iBritish edition:tFreedom in the world (Oxford, England)w(DLC)sn 83004533w(OCoLC)1003410508iOnline version:tFreedom in the worldw(DLC) 2004255113w(OCoLC)48991040